000 00964cam a2200241 4500
001 ABS68385
008 041027n2004 000 0 eng u
035 _a(Sirsi) u127828
100 _aRouse, J.
245 _aTime to go
260 _c2004
490 _aBuilding
_v269(8354) 22 October 2004, 33(1)
520 _aDiscusses the possible demolition of 100 000 homes in the Midlands and Northern England, as a result of a decrease in the population of certain areas and the existance of too many houses of the same type. Notes how there are many convincing arguments for and against this plan with no ideal solution to this problem. Argues that in neighbourhoods that are capable of turn around the houses should probably be saved.
590 _aABS
590 _aABS
650 _aHOUSING REPAIR
650 _aNORTHERN ENGLAND
650 _aMIDLANDS
650 _aENGLISH HERITAGE
650 _aDEMOLITION
690 _aREGENERATION
942 _n0
999 _c118228
_d118228